| 000 | 00518nam a2200169Ia 4500 | ||
|---|---|---|---|
| 008 | 220216s9999 xx 000 0 und d | ||
| 100 | _aEdirisinghe D G | ||
| 245 | 4 | _aThe Use of neoprene latex and its blends with natural rubber latex for latex based products manufacture | |
| 260 |
_bBulletin of the Rubber Research Institute of Sri Lanka _c2008 |
||
| 300 | _a16-Dec | ||
| 650 | _aBlends | ||
| 650 | _aLatex products | ||
| 650 | _aNeoprene latex | ||
| 650 | _aNR latex | ||
| 700 | _aPerera G M P | ||
| 942 | _cJS | ||
| 999 |
_c71132 _d71132 |
||